SUSTAINABLE parking design & management a practitioner’s handbook/
Guardat en:
| Format: | Llibre |
|---|---|
| Idioma: | anglès |
| Publicat: |
National Parking Association and International Parking Institute,
2014
|
| Etiquetes: |
Afegir etiqueta
Sense etiquetes, Sigues el primer a etiquetar aquest registre!
|
MARC
| LEADER | 00000nam a22000007a 4500 | ||
|---|---|---|---|
| 008 | 201215b ||||| |||| 00| 0 eng d | ||
| 020 | |a ISBN: 978-0-615-91450-3 | ||
| 245 | |a SUSTAINABLE parking design & management |b a practitioner’s handbook/ |c National Parking Association and the International Parking Institute. |g 187p.; ill. | ||
| 260 | |b National Parking Association and International Parking Institute, |c 2014 |h Washington, DC |i 687093 |l TL175 .Su8 |m Parking facilities– Design and construction–Handbooks, manuals, etc | ||
| 942 | |a lcc |c BK |e Olagoke,M A |f 15/12/2020 | ||
| 952 | |0 0 |1 0 |2 lcc |4 0 |6 TL0175 S U8 |7 0 |9 557 |a HOL |b HOL |c QZ |d 2020-12-15 |l 0 |o TL175 .Su8 |p 2020-2279 |r 2020-12-15 00:00:00 |w 2020-12-15 |y BK | ||
| 999 | |c 303 |d 303 | ||